Welcome to the Holygrace Academy Library

Please use search bar below to get started

CAULDRON (Record no. 1999)

MARC details
000 -LEADER
fixed length control field 00615nam a22001457a 4500
020 ## - INTERNATIONAL STANDARD BOOK NUMBER
ISBN 0-446-51567-1
082 ## - DEWEY DECIMAL CLASSIFICATION NUMBER
Classification number 823
Item number BON/C
100 ## - MAIN ENTRY--AUTHOR NAME
Personal name BOND, LARRY
245 ## - TITLE STATEMENT
Title CAULDRON
260 ## - PUBLICATION, DISTRIBUTION, ETC. (IMPRINT)
Place of publication UNITED STATES
Name of publisher WARNER BOOKS
Year of publication 1993
300 ## - PHYSICAL DESCRIPTION
Number of Pages 569
520 ## - SUMMARY, ETC.
Summary, etc Story. The main plot takes place in 1998. Because North African immigrants are flooding Europe looking for work, riots in France and Germany prompts both countries to force a number of former Warsaw Pact nations to accept them in various factories. The first of these is a Eurocopter plant in Hungary.
650 ## - SUBJECT ADDED ENTRY--TOPICAL TERM
Topical Term ENGLISH NOVEL
Geographic subdivision UNITED STATES
942 ## - ADDED ENTRY ELEMENTS (KOHA)
Koha item type Books
Holdings
Withdrawn status Lost status Collection code Home library Current library Shelving location Date acquired Source of acquisition Full call number Accession Number Koha item type
    Reference Main Library Main Library SHELF 1 E-CURRICULAM &ENGLISH NOVELS FOR TEACHERS 12/02/2005 purchase 823 BON/C 01528 Books